Haus Feuer Baum in verschiedenen Sprachen - Statistiken

Allgemein
  • Dieses Quiz wurde 912 mal gespielt
  • Das Durchschnittsergebnis liegt bei 10 aus 16
Antwortstatistiken
Haus Feuer Baum Sprache % Korrekt
house fire tree ENGLISCH
97%
casa fuego árbol SPANISCH
93%
huis, vuur, boom HOLLÄNDISCH
90%
maison feu arbre FRANZÖSISCH
88%
hus brand træ DÄNISCH
75%
casa fogo árvore PORTUGIESISCH
75%
hus eld träd SCHWEDISCH
70%
dom ogień drzewo POLNISCH
69%
ev ateş ağaç TÜRKISCH
67%
talo tuli puu FINNISCH
52%
ház tűz fa UNGARISCH
39%
Haus Feier Bam LUXEMBURGISCH
38%
dům oheň strom TSCHECHISCH
36%
hús eldur tré ISLÄNDISCH
35%
casă foc copac RUMÄNISCH
35%
teach tine crann IRISCH
31%
Keine übereinstimmenden Quizze gefunden
Verteilung der Resultate
Anzahl Personen mit jedem Resultat
Perzentil nach korrekt beantworteten Fragen
Ihre Resultats-Entwicklung
Sie haben dieses Quiz noch nicht gespielt